Statistics for Fjerntogstationer i Danmark

Click here to take the quiz!

General Stats

  • This quiz has been taken 60 times
  • The average score is 41 of 210

Answer Stats

Answer% Correct
Roskilde
70%
Esbjerg
65%
København H
65%
Slagelse
65%
Aalborg
60%
Holbæk
60%
Køge
60%
Næstved
60%
Odense
60%
Silkeborg
60%
Frederikshavn
55%
Middelfart
55%
Nyborg
55%
Østerport
55%
Ringsted
55%
Vejle
55%
Aarhus H
50%
Fredericia
50%
Helsingør
50%
Herning
50%
Hobro
50%
Korsør
50%
Randers
50%
Borup
45%
Horsens
45%
Nørreport
45%
Skanderborg
45%
Valby
45%
Varde
45%
Hjørring
40%
Høje Taastrup
40%
Ikast
40%
Køge Nord
40%
Svendborg
40%
Thisted
40%
Vejen
40%
Hedensted
35%
Humlebæk
35%
Kalundborg
35%
Kolding
35%
Lejre
35%
Nykøbing F
35%
Ringkøbing
35%
Skive
35%
Sønderborg
35%
Sorø
35%
Struer
35%
Tårnby
35%
Tønder
35%
Trekroner
35%
Viborg
35%
Bramming
30%
Brande
30%
Hadsten
30%
Haslev
30%
Hedehusene
30%
Hellerup
30%
Holstebro
30%
Langå
30%
Padborg
30%
Svenstrup
30%
Tølløse
30%
Viby S
30%
Bjerringbro
25%
Brønderslev
25%
Hørning
25%
Klampenborg
25%
Ribe
25%
Støvring
25%
Tarm
25%
Viby J
25%
Vojens
25%
Aalborg Vestby
20%
Arden
20%
Brørup
20%
Hinnerup
20%
Lem
20%
Lindholm
20%
Lunderskov
20%
Nørre Aaby
20%
Ny Ellebjerg
20%
Ørestad
20%
Ringe
20%
Rødekro
20%
Skalborg
20%
Skjern
20%
Skørping
20%
Taulov
20%
Tommerup
20%
Vrå
20%
Aalborg Lufthavn
15%
Aarup
15%
Børkop
15%
Ejby
15%
Gråsten
15%
Holsted
15%
Hvalsø
15%
Københavns Lufthavn
15%
Langeskov
15%
Nivå
15%
Rungsted Kyst
15%
Ry
15%
Skodsborg
15%
Tinglev
15%
Vamdrup
15%
Vedbæk
15%
Bording
10%
Bred
10%
Brejning
10%
Charlottenlund
10%
Espergærde
10%
Give
10%
Gørding
10%
Hjallese
10%
Hjerm
10%
Hurup Thy
10%
Hvidbjerg
10%
Jelling
10%
Jyderup
10%
Kvissel
10%
Laven
10%
Lyngs
10%
Næstved Nord
10%
Ølby
10%
Sindal
10%
Snekkersten
10%
Spangsbjerg
10%
Stoholm
10%
Tjæreborg
10%
Vemb
10%
Vinderup
10%
Vipperød
10%
Alken
5%
Årslev
5%
Aulum
5%
Bedsted Thy
5%
Birk Centerpark
5%
Borris
5%
Bredebro
5%
Brøns
5%
Bur
5%
Engesvang
5%
Eskilstrup
5%
Gelsted
5%
Gjesing
5%
Glumsø
5%
Gødstrup
5%
Hammerum
5%
Hee
5%
Herning Messecenter
5%
Hjørring Øst
5%
Holme-Ostrup
5%
Holmstrup
5%
Jerne
5%
Kalundborg Øst
5%
Karlslunde
5%
Kibæk
5%
Kliplev
5%
Lundby
5%
Mørkøv
5%
Nørre Alslev
5%
Oddesund Nord
5%
Odense Sygehus
5%
Ølgod
5%
Ribe Nørremark
5%
Rødkærsbro
5%
Sjørring
5%
Snedsted
5%
Stenstrup
5%
Stenstrup Syd
5%
Studsgård
5%
Svebølle
5%
Svejbæk
5%
Svendborg Vest
5%
Thyregod
5%
Tim
5%
Tistrup
5%
Tolne
5%
Tønder Nord
5%
Troldhede
5%
Tureby
5%
Uglev
5%
Ulfborg
5%
Ulstrup
5%
Varde Kaserne
5%
Varde Nord
5%
Vejle Sygehus
5%
Vildbjerg
5%
Døstrup
0%
Fruens Bøge
0%
Gårde
0%
Gredstedbro
0%
Guldager
0%
Højby Fyn
0%
Højslev
0%
Hørdum
0%
Humlum
0%
Hviding
0%
Knabstrup
0%
Kværndrup
0%
Regstrup
0%
Rejsby
0%
Rudme
0%
Sejstrup
0%
Sig
0%
Skærbæk
0%
Skalbjerg
0%
Visby
0%
Vordinborg
0%
Ydby
0%

Score Distribution

Percentile by Number Answered

Percent of People with Each Score

Your Score History

You have not taken this quiz